[Event "Gibraltar Chess Festival 2017 - Masters"]
[Site "Gibraltar ENG"]
[Date "2017.01.28"]
[Round "5.50"]
[White "Javakhishvili, Lela"]
[Black "Villar Reymundo, Juan Antonio"]
[Result "1-0"]
[WhiteElo "2455"]
[BlackElo "2212"]
[PlyCount "77"]
[EventDate "2017.01.24"]
[EventType "swiss"]
[EventRounds "10"]
[EventCountry "ENG"]
[SourceTitle "Ajedrez en Madrid"]
[Source "lmi"]
[SourceDate "2017.01.24"]

1. d4 Nf6 2. Nf3 e6 3. c4 b6 4. a3 Ba6 5. Qb3 c5 6. d5 exd5 7. cxd5 Be7 8. Nc3
O-O 9. g3 d6 10. Bg2 b5 11. O-O Nbd7 12. Re1 Rb8 13. Qc2 Bb7 14. e4 a5 15. Nxb5
Qb6 16. a4 Ba6 17. Bf1 Ra8 18. h3 Qb8 19. Bd2 Bd8 20. Bf4 Bc7 21. Rad1 Re8 22.
b3 Bb7 23. Nfd4 Ne5 24. Bg2 Ra6 25. g4 Nfd7 26. Nf5 g6 27. Ne3 Bd8 28. Bg3 f6
29. f4 Nf7 30. Nc4 Nb6 31. Qc3 Nxc4 32. bxc4 Be7 33. Rb1 Qd8 34. e5 fxe5 35.
fxe5 Bh4 36. e6 Ne5 37. Nxd6 Bxg3 38. Qxg3 Qxd6 39. Rxb7 1-0

[Event "Gibraltar Chess Festival 2017 - Masters"]
[Site "Gibraltar ENG"]
[Date "2017.01.28"]
[Round "5.51"]
[White "Cramling, Pia"]
[Black "Skutta, Bernd"]
[Result "1-0"]
[WhiteElo "2454"]
[BlackElo "1957"]
[PlyCount "93"]
[EventDate "2017.01.24"]
[EventType "swiss"]
[EventRounds "10"]
[EventCountry "ENG"]
[SourceTitle "Ajedrez en Madrid"]
[Source "lmi"]
[SourceDate "2017.01.24"]

1. d4 f5 2. g3 Nf6 3. Bg2 e6 4. Nf3 d5 5. O-O Bd6 6. c4 O-O 7. Nc3 c6 8. Qc2
Ne4 9. Rb1 Nd7 10. b4 b6 11. b5 Nxc3 12. Qxc3 Bb7 13. bxc6 Bxc6 14. Ng5 Qe7 15.
cxd5 Bxd5 16. Bxd5 exd5 17. Qf3 Nf6 18. Qxf5 Qxe2 19. Nxh7 Nxh7 20. Qxd5+ Kh8
21. Qxd6 Rad8 22. Qa3 Rxd4 23. Be3 Rd7 24. Qa4 Rfd8 25. Rfe1 Qf3 26. Qf4 Qh5
27. a4 Nf6 28. Qg5 Rd5 29. Qxh5+ Rxh5 30. Rb4 Rhd5 31. Rc4 R8d7 32. Kg2 Kg8 33.
h3 Kf7 34. Rec1 Rd3 35. Rc7 Ke6 36. R1c6+ Ke7 37. Bg5 R3d5 38. h4 Ra5 39. Rc4
Kd6 40. R7c6+ Ke7 41. Re4+ Kf7 42. Bxf6 gxf6 43. Rf4 f5 44. g4 Rdd5 45. g5 Rac5
46. Rf6+ Kg7 47. h5 1-0

[Event "Gibraltar Chess Festival 2017 - Masters"]
[Site "Gibraltar ENG"]
[Date "2017.01.28"]
[Round "5.52"]
[White "Oparin, Grigoriy"]
[Black "Rakesh, Kumar Jena"]
[Result "1-0"]
[WhiteElo "2625"]
[BlackElo "2335"]
[PlyCount "57"]
[EventDate "2017.01.24"]
[EventType "swiss"]
[EventRounds "10"]
[EventCountry "ENG"]
[SourceTitle "Ajedrez en Madrid"]
[Source "lmi"]
[SourceDate "2017.01.24"]

1. c4 e6 2. Nf3 b6 3. g3 Bb7 4. Bg2 Nf6 5. O-O Be7 6. d4 O-O 7. Nc3 d5 8. cxd5
exd5 9. Bf4 Nbd7 10. Qc2 c6 11. Rfd1 Re8 12. Ne5 Nf8 13. e4 Ne6 14. Be3 dxe4
15. Nxe4 Rc8 16. Nxf6+ Bxf6 17. Rac1 Qd6 18. Qa4 Nd8 19. Qxa7 Qb4 20. Nd3 Qb5
21. a4 Qb3 22. a5 bxa5 23. Qxa5 Ra8 24. Qc3 Qb5 25. b4 Ne6 26. Nc5 Nxc5 27.
bxc5 Ra2 28. Rb1 Qa6 29. Rb6 1-0

[Event "Gibraltar Chess Festival 2017 - Masters"]
[Site "Gibraltar ENG"]
[Date "2017.01.28"]
[Round "5.53"]
[White "Istratescu, Andrei"]
[Black "De Haan, Eric"]
[Result "1-0"]
[WhiteElo "2593"]
[BlackElo "2319"]
[PlyCount "155"]
[EventDate "2017.01.24"]
[EventType "swiss"]
[EventRounds "10"]
[EventCountry "ENG"]
[SourceTitle "Ajedrez en Madrid"]
[Source "lmi"]
[SourceDate "2017.01.24"]

1. d4 Nf6 2. c4 e6 3. Nc3 Bb4 4. Nf3 c5 5. e3 O-O 6. Bd3 Nc6 7. O-O Bxc3 8.
bxc3 d6 9. Nd2 e5 10. d5 Ne7 11. Qc2 Ng6 12. f4 Ng4 13. Nf3 f5 14. h3 Nh6 15.
Nh2 Bd7 16. a4 a5 17. Bd2 b6 18. Rf2 Qe8 19. Qd1 e4 20. Be2 Ne7 21. g4 Kh8 22.
Rg2 Nf7 23. g5 g6 24. h4 Kg7 25. Be1 Rh8 26. Nf1 h5 27. Ng3 Nd8 28. Qb1 Nc8 29.
Bf1 Qe7 30. Rb2 Rb8 31. Be2 Re8 32. Bd2 Nf7 33. Kf2 Rb7 34. Ke1 Rb8 35. Kd1 Rb7
36. Kc1 Rb8 37. Bd1 Rh8 38. Rb5 Ra8 39. Be2 Ra6 40. Kb2 Nd8 41. Ka3 Ra8 42. Rb2
Rb8 43. Bd1 Nf7 44. Bc2 Re8 45. Qh1 Rb7 46. Rf1 Qd8 47. Qg2 Ne7 48. Be1 Rb8 49.
Bd1 Rh8 50. Bf2 Qe8 51. Re1 Qd8 52. Bc2 Re8 53. Rh1 Rb7 54. Qf1 Rb8 55. Qb1 Nc8
56. Re1 Rb7 57. Nxe4 fxe4 58. Bxe4 Rxe4 59. Qxe4 Bf5 60. Qf3 Bd3 61. Kb3 b5 62.
cxb5 Nb6 63. e4 Qe8 64. c4 Bxc4+ 65. Ka3 Nxa4 66. Kxa4 Rxb5 67. Ka3 Rb4 68.
Rxb4 axb4+ 69. Kb2 Qb5 70. Qe3 Bd3 71. Rd1 c4 72. Qd4+ Kh7 73. Rxd3 cxd3 74.
Be1 Qd7 75. Bxb4 Qg4 76. Bc3 Qe2+ 77. Ka3 Ne5 78. fxe5 1-0

[Event "Gibraltar Chess Festival 2017 - Masters"]
[Site "Gibraltar ENG"]
[Date "2017.01.28"]
[Round "5.54"]
[White "Lombaers, Peter"]
[Black "Gunina, Valentina"]
[Result "0-1"]
[WhiteElo "2314"]
[BlackElo "2524"]
[PlyCount "86"]
[EventDate "2017.01.24"]
[EventType "swiss"]
[EventRounds "10"]
[EventCountry "ENG"]
[SourceTitle "Ajedrez en Madrid"]
[Source "lmi"]
[SourceDate "2017.01.24"]

1. d4 Nf6 2. c4 e6 3. Nc3 Bb4 4. e3 O-O 5. Bd3 d5 6. cxd5 exd5 7. Nge2 c5 8.
O-O Nc6 9. a3 cxd4 10. axb4 dxc3 11. b5 Ne5 12. Nxc3 Bg4 13. Be2 Bxe2 14. Qxe2
Ne4 15. Bd2 Qh4 16. Nxe4 dxe4 17. Ra4 Rad8 18. Bc3 Nd3 19. Rxa7 Rd7 20. b6 f5
21. Qc2 h5 22. Qb3+ Kh7 23. Qe6 Nc5 24. Qe5 Nd3 25. Qe6 Nc5 26. Qc4 Nd3 27. Ra5
Rd6 28. Be5 Rxb6 29. Qc7 Rg6 30. Bg3 Qf6 31. h4 Qxb2 32. Qd7 Rgf6 33. Rb5 Qe2
34. Rxb7 Rg6 35. Qa4 Nxf2 36. Rxf2 Qe1+ 37. Kh2 Rxg3 38. Kxg3 Qxe3+ 39. Rf3
exf3 40. gxf3 Qg1+ 41. Kf4 Qf2 42. Kg5 Qg3+ 43. Kxh5 Qg6# 0-1

[Event "Gibraltar Chess Festival 2017 - Masters"]
[Site "Gibraltar ENG"]
[Date "2017.01.28"]
[Round "5.55"]
[White "Wantiez, Fabrice"]
[Black "Mikhalevski, Victor"]
[Result "0-1"]
[WhiteElo "2312"]
[BlackElo "2504"]
[PlyCount "59"]
[EventDate "2017.01.24"]
[EventType "swiss"]
[EventRounds "10"]
[EventCountry "ENG"]
[SourceTitle "Ajedrez en Madrid"]
[Source "lmi"]
[SourceDate "2017.01.24"]

1. e4 c5 2. Nf3 d6 3. d4 cxd4 4. Nxd4 Nf6 5. Nc3 g6 6. Be3 Bg7 7. f3 O-O 8. Qd2
Nc6 9. Bc4 Bd7 10. Bb3 Rc8 11. O-O-O Ne5 12. Nde2 a5 13. f4 Neg4 14. Bd4 a4 15.
Bd5 e5 16. Bg1 exf4 17. Nxf4 a3 18. Bd4 axb2+ 19. Kb1 Ne5 20. Bxe5 dxe5 21.
Nfe2 Qa5 22. Rhf1 b5 23. Rxf6 Bxf6 24. Rf1 b4 25. Rxf6 bxc3 26. Qg5 Be6 27.
Bxe6 fxe6 28. Rxg6+ Kh8 29. Nxc3 Rf1+ 30. Kxb2 0-1

[Event "Gibraltar Chess Festival 2017 - Masters"]
[Site "Gibraltar ENG"]
[Date "2017.01.28"]
[Round "5.57"]
[White "Kantans, Toms"]
[Black "Pourkashiyan, Atousa"]
[Result "1-0"]
[WhiteElo "2456"]
[BlackElo "2303"]
[PlyCount "95"]
[EventDate "2017.01.24"]
[EventType "swiss"]
[EventRounds "10"]
[EventCountry "ENG"]
[SourceTitle "Ajedrez en Madrid"]
[Source "lmi"]
[SourceDate "2017.01.24"]

1. c4 e6 2. e4 d5 3. cxd5 exd5 4. exd5 Nf6 5. Nc3 Nxd5 6. Nf3 Be7 7. d4 O-O 8.
Bd3 c6 9. h3 Be6 10. O-O Nd7 11. Re1 Re8 12. a3 Nf8 13. Bd2 Ng6 14. Qc2 Qc8 15.
Ne5 Nf8 16. Ne4 Bf5 17. Ba5 Bxe4 18. Bxe4 Bd6 19. Qb3 Bxe5 20. dxe5 b6 21. Bd2
Ng6 22. Rac1 Qd7 23. Bxd5 Qxd5 24. Qxd5 cxd5 25. f4 Rac8 26. Kf2 Rc4 27. Rxc4
dxc4 28. Re4 Rd8 29. Bb4 b5 30. f5 Nf8 31. g4 g6 32. e6 fxe6 33. fxe6 Re8 34.
e7 Nd7 35. g5 a5 36. Bd6 Kg7 37. Ke3 Nb6 38. Kd4 Kf7 39. Ke5 Nc8 40. Rf4+ Kg7
41. Ke6 Nxd6 42. Kxd6 Ra8 43. Rf8 Rxf8 44. exf8=Q+ Kxf8 45. Kc5 b4 46. axb4 c3
47. bxc3 a4 48. Kc4 1-0

[Event "Gibraltar Chess Festival 2017 - Masters"]
[Site "Gibraltar ENG"]
[Date "2017.01.28"]
[Round "5.58"]
[White "Cheng, Bobby"]
[Black "Loh, Zachary"]
[Result "1-0"]
[WhiteElo "2452"]
[BlackElo "2291"]
[PlyCount "107"]
[EventDate "2017.01.24"]
[EventType "swiss"]
[EventRounds "10"]
[EventCountry "ENG"]
[SourceTitle "Ajedrez en Madrid"]
[Source "lmi"]
[SourceDate "2017.01.24"]

1. d4 Nf6 2. Bg5 Ne4 3. Bf4 c5 4. f3 Qa5+ 5. c3 Nf6 6. d5 Qb6 7. e4 d6 8. Nd2
Nbd7 9. Nc4 Qc7 10. a4 g6 11. Qd2 Ne5 12. Nxe5 dxe5 13. Be3 Bg7 14. c4 O-O 15.
a5 Rb8 16. Ne2 Ne8 17. Nc3 Nd6 18. Be2 f5 19. O-O f4 20. Bf2 Bd7 21. Rfb1 g5
22. b4 b6 23. Rb2 g4 24. fxg4 Bh6 25. h3 Rbc8 26. Qc2 Be8 27. axb6 axb6 28.
bxc5 bxc5 29. Nb5 Qd8 30. Ra6 Rf6 31. Bh4 Rg6 32. Ra7 Rg7 33. Nxd6 Qxd6 34.
Rbb7 f3 35. gxf3 Be3+ 36. Kg2 Qh6 37. Bg3 Bd4 38. Qd3 Qc1 39. Rb1 Qg5 40. Ra6
Rg6 41. h4 Qh6 42. Ra7 Ra6 43. Rxe7 Rca8 44. g5 Qf8 45. Re6 Ra2 46. Rf6 Qe7 47.
Rb3 Ba4 48. Ra3 Rb2 49. Bf2 Qb7 50. g6 Qb4 51. f4 Ra7 52. Qh3 Bd7 53. gxh7+ Kh8
54. Rf8+ 1-0

[Event "Gibraltar Chess Festival 2017 - Masters"]
[Site "Gibraltar ENG"]
[Date "2017.01.28"]
[Round "5.59"]
[White "Gluhovsky, Mark"]
[Black "Kantor, Gergely"]
[Result "0-1"]
[WhiteElo "2263"]
[BlackElo "2448"]
[PlyCount "75"]
[EventDate "2017.01.24"]
[EventType "swiss"]
[EventRounds "10"]
[EventCountry "ENG"]
[SourceTitle "Ajedrez en Madrid"]
[Source "lmi"]
[SourceDate "2017.01.24"]

1. e4 c5 2. Nf3 e6 3. b3 a6 4. Bb2 Nc6 5. Be2 Nf6 6. e5 Nd5 7. Nc3 Nf4 8. O-O
d5 9. exd6 Bxd6 10. Ne4 Be7 11. Re1 Nxe2+ 12. Qxe2 f6 13. Rad1 e5 14. Nxc5 Bxc5
15. d4 Qe7 16. dxc5 Qxc5 17. c4 O-O 18. Nd2 Bf5 19. Qf3 Bc2 20. Ne4 Bxd1 21.
Qxd1 Qe7 22. Nd6 Rad8 23. c5 Qe6 24. f4 b6 25. f5 Qd7 26. b4 Kh8 27. Bc3 Ne7
28. Qh5 Nd5 29. Bd2 bxc5 30. bxc5 Rb8 31. Qf3 Qc6 32. Rc1 Rb2 33. Be3 Rfb8 34.
h3 Ne7 35. Ne4 R8b4 36. Nd2 Qxf3 37. gxf3 Nc6 38. Kf2 0-1

[Event "Gibraltar Chess Festival 2017 - Masters"]
[Site "Gibraltar ENG"]
[Date "2017.01.28"]
[Round "5.60"]
[White "Zhukova, Natalia"]
[Black "Bach, Matthias"]
[Result "1-0"]
[WhiteElo "2447"]
[BlackElo "2264"]
[PlyCount "87"]
[EventDate "2017.01.24"]
[EventType "swiss"]
[EventRounds "10"]
[EventCountry "ENG"]
[SourceTitle "Ajedrez en Madrid"]
[Source "lmi"]
[SourceDate "2017.01.24"]

1. d4 d5 2. c4 e6 3. Nc3 c5 4. e3 Nc6 5. Nf3 a6 6. cxd5 exd5 7. Be2 Nf6 8. O-O
c4 9. Ne5 Bb4 10. Nxc6 bxc6 11. Na4 O-O 12. b3 cxb3 13. axb3 Ne4 14. Qc2 Bd7
15. Ba3 a5 16. Bxb4 axb4 17. Nc5 Rxa1 18. Rxa1 Nc3 19. Bd3 g6 20. Ra7 Bc8 21.
Na4 c5 22. Nxc3 bxc3 23. Qxc3 Qb6 24. Ra3 cxd4 25. Qxd4 Qc7 26. Ra1 Bb7 27. h4
Rc8 28. b4 Qc3 29. Qxc3 Rxc3 30. Bf1 Rb3 31. b5 Kg7 32. Rc1 d4 33. exd4 Kf6 34.
Rc5 Rb1 35. f3 Ke6 36. Kf2 Bd5 37. Bd3 Rb2+ 38. Rc2 Rb3 39. Ke3 f5 40. Kd2 Rb4
41. Rc7 Rb2+ 42. Kc3 Rxg2 43. b6 Ra2 44. Bc4 1-0

[Event "Gibraltar Chess Festival 2017 - Masters"]
[Site "Gibraltar ENG"]
[Date "2017.01.28"]
[Round "5.61"]
[White "Zatonskih, Anna"]
[Black "Sanchez Jerez, Emilio Miguel"]
[Result "1/2-1/2"]
[WhiteElo "2443"]
[BlackElo "2257"]
[PlyCount "149"]
[EventDate "2017.01.24"]
[EventType "swiss"]
[EventRounds "10"]
[EventCountry "ENG"]
[SourceTitle "Ajedrez en Madrid"]
[Source "lmi"]
[SourceDate "2017.01.24"]

1. d4 d6 2. Nf3 Nf6 3. g3 g6 4. Bg2 Bg7 5. O-O O-O 6. c4 Bf5 7. Nc3 Ne4 8. Nd5
c6 9. Ne3 Bd7 10. Qc2 f5 11. b3 a5 12. Bb2 a4 13. d5 Bxb2 14. Qxb2 a3 15. Qc2
c5 16. Ne1 Nf6 17. Nd3 Nh5 18. Bf3 Ng7 19. b4 cxb4 20. c5 dxc5 21. Qxc5 Na6 22.
Qd4 g5 23. Nxb4 f4 24. Nec2 Nf5 25. Qe5 Nxb4 26. Nxb4 Qb8 27. Qxb8 Raxb8 28.
Bg4 Bb5 29. Nc2 Bc4 30. Rfd1 Ra8 31. Bxf5 Rxf5 32. e4 Re5 33. Rd4 Ra4 34. Nxa3
Bb3 35. Rxa4 Bxa4 36. Re1 b5 37. Kg2 fxg3 38. hxg3 g4 39. Nb1 Bc2 40. Nd2 e6
41. d6 Kf8 42. f4 gxf3+ 43. Kxf3 b4 44. Nb3 Bxb3 45. axb3 Ke8 46. Kf4 Rh5 47.
e5 Rf5+ 48. Ke4 Rg5 49. Re3 Rg4+ 50. Kd3 h5 51. Rf3 Kd7 52. Ke3 Kc6 53. Ke2 Rg5
54. Re3 Rg4 55. Rd3 Kd7 56. Kf3 Rg5 57. Re3 Rf5+ 58. Ke4 Rg5 59. Kd4 Kc6 60.
Ke4 Rg4+ 61. Kf3 Rd4 62. Kf2 Rg4 63. Ke2 Kd7 64. Kd3 Kc6 65. Re4 Rxg3+ 66. Kc4
Rg5 67. Kd4 Rg1 68. Rh4 Rg5 69. Ke4 Kd7 70. Rf4 Rg7 71. Rf6 Rg4+ 72. Rf4 Rg5
73. Kd4 Rg3 74. Kc4 Re3 75. Kd4 1/2-1/2

[Event "Gibraltar Chess Festival 2017 - Masters"]
[Site "Gibraltar ENG"]
[Date "2017.01.28"]
[Round "5.62"]
[White "Pratyusha, Bodda"]
[Black "Khotenashvili, Bela"]
[Result "0-1"]
[WhiteElo "2247"]
[BlackElo "2430"]
[PlyCount "56"]
[EventDate "2017.01.24"]
[EventType "swiss"]
[EventRounds "10"]
[EventCountry "ENG"]
[SourceTitle "Ajedrez en Madrid"]
[Source "lmi"]
[SourceDate "2017.01.24"]

1. d4 c5 2. d5 e6 3. c4 g6 4. Nc3 d6 5. e4 Bg7 6. Bd3 Ne7 7. Nge2 O-O 8. O-O h6
9. Be3 exd5 10. Nxd5 Nbc6 11. Qd2 Nxd5 12. exd5 Ne5 13. Rad1 Re8 14. h3 Qh4 15.
Bf4 Nxd3 16. Qxd3 Rxe2 17. Qxe2 Qxf4 18. b3 Be5 19. g3 Qf5 20. g4 Qf4 21. f3
Bd7 22. Qd2 g5 23. Qxf4 gxf4 24. a3 b5 25. Rb1 a5 26. Rfe1 a4 27. cxb5 Bxb5 28.
bxa4 Bc4 0-1

[Event "Gibraltar Chess Festival 2017 - Masters"]
[Site "Gibraltar ENG"]
[Date "2017.01.28"]
[Round "5.63"]
[White "Sarkar, Justin"]
[Black "Serarols Mabras, Bernat"]
[Result "1/2-1/2"]
[WhiteElo "2428"]
[BlackElo "2242"]
[PlyCount "66"]
[EventDate "2017.01.24"]
[EventType "swiss"]
[EventRounds "10"]
[EventCountry "ENG"]
[SourceTitle "Ajedrez en Madrid"]
[Source "lmi"]
[SourceDate "2017.01.24"]

1. e4 c5 2. Nf3 e6 3. g3 d5 4. exd5 exd5 5. d4 Nc6 6. Bg2 Bg4 7. O-O cxd4 8.
Nbd2 Be7 9. h3 Bxf3 10. Nxf3 Bf6 11. Re1+ Nge7 12. g4 h6 13. Rb1 Qd6 14. b4 a6
15. a4 O-O 16. h4 Ng6 17. g5 hxg5 18. hxg5 Bd8 19. b5 axb5 20. axb5 Nce7 21.
Nxd4 Bc7 22. Qh5 Ra4 23. Rd1 Bb6 24. c3 Bxd4 25. Rxd4 Rfa8 26. Qd1 Ra1 27. Rxa1
Rxa1 28. Ra4 Rb1 29. Ra8+ Nf8 30. Bf1 Qg6 31. Qd2 Qf5 32. Qf4 Qe6 33. Kh2 Neg6
1/2-1/2

[Event "Gibraltar Chess Festival 2017 - Masters"]
[Site "Gibraltar ENG"]
[Date "2017.01.28"]
[Round "5.64"]
[White "Sundararajan, Kidambi"]
[Black "Vea, Odin Blikra"]
[Result "1-0"]
[WhiteElo "2420"]
[BlackElo "2234"]
[PlyCount "43"]
[EventDate "2017.01.24"]
[EventType "swiss"]
[EventRounds "10"]
[EventCountry "ENG"]
[SourceTitle "Ajedrez en Madrid"]
[Source "lmi"]
[SourceDate "2017.01.24"]

1. Nf3 f5 2. d3 Nf6 3. e4 fxe4 4. dxe4 e6 5. e5 Nd5 6. Bd3 Be7 7. h4 Nc6 8. a3
b5 9. Bxb5 Bb7 10. Qe2 O-O 11. Bd3 Rxf3 12. Qxf3 Nxe5 13. Bxh7+ Kxh7 14. Qh5+
Kg8 15. Qxe5 Bf6 16. Qg3 Ne7 17. Bg5 Nf5 18. Qg4 Nd4 19. Qxd4 Bxd4 20. Bxd8
Rxd8 21. c3 Bb6 22. f3 1-0

[Event "Gibraltar Chess Festival 2017 - Masters"]
[Site "Gibraltar ENG"]
[Date "2017.01.28"]
[Round "5.65"]
[White "Damia, Angelo"]
[Black "Karavade, Eesha"]
[Result "1-0"]
[WhiteElo "2233"]
[BlackElo "2418"]
[PlyCount "49"]
[EventDate "2017.01.24"]
[EventType "swiss"]
[EventRounds "10"]
[EventCountry "ENG"]
[SourceTitle "Ajedrez en Madrid"]
[Source "lmi"]
[SourceDate "2017.01.24"]

1. e4 c5 2. Nf3 e6 3. d4 cxd4 4. Nxd4 Nc6 5. Nc3 Qc7 6. Be3 a6 7. a3 b5 8. Nxc6
Qxc6 9. Be2 Bb7 10. Qd4 Rc8 11. Rd1 d6 12. a4 bxa4 13. Ra1 Nf6 14. Qxa4 Qxa4
15. Rxa4 Ra8 16. f3 d5 17. exd5 Nxd5 18. Nxd5 exd5 19. Kf2 Bd6 20. Rha1 Kd7 21.
Bxa6 Bc6 22. Bb5 Rxa4 23. Bxc6+ Kxc6 24. Rxa4 Rb8 25. Ra6+ 1-0

[Event "Gibraltar Chess Festival 2017 - Masters"]
[Site "Gibraltar ENG"]
[Date "2017.01.28"]
[Round "5.66"]
[White "Kuipers, Stefan"]
[Black "Bujnoch, Radek"]
[Result "1-0"]
[WhiteElo "2414"]
[BlackElo "2233"]
[PlyCount "71"]
[EventDate "2017.01.24"]
[EventType "swiss"]
[EventRounds "10"]
[EventCountry "ENG"]
[SourceTitle "Ajedrez en Madrid"]
[Source "lmi"]
[SourceDate "2017.01.24"]

1. e4 c5 2. Nf3 Nc6 3. Bb5 g6 4. Bxc6 dxc6 5. d3 Bg7 6. h3 Nf6 7. Nc3 e5 8. Be3
Nd7 9. Qd2 Qe7 10. Bh6 f6 11. Bxg7 Qxg7 12. Nh2 Nf8 13. f4 exf4 14. Qxf4 Ne6
15. Qh4 Nd4 16. O-O-O Be6 17. Rhf1 O-O 18. Nf3 a5 19. Na4 Bxa2 20. Nxc5 f5 21.
Rde1 a4 22. e5 Nxf3 23. gxf3 f4 24. Qf2 b6 25. Ne4 Qxe5 26. Nc3 Qf6 27. Nxa2 a3
28. c3 axb2+ 29. Qxb2 Ra5 30. Kd2 Rfa8 31. Nc1 b5 32. Qb3+ Kf8 33. Qe6 Qg5 34.
Re2 b4 35. cxb4 Ra3 36. Rfe1 1-0

[Event "Gibraltar Chess Festival 2017 - Masters"]
[Site "Gibraltar ENG"]
[Date "2017.01.28"]
[Round "5.67"]
[White "Vega Gutierrez, Sabrina"]
[Black "Heinemann, Josefine"]
[Result "1/2-1/2"]
[WhiteElo "2406"]
[BlackElo "2227"]
[PlyCount "102"]
[EventDate "2017.01.24"]
[EventType "swiss"]
[EventRounds "10"]
[EventCountry "ENG"]
[SourceTitle "Ajedrez en Madrid"]
[Source "lmi"]
[SourceDate "2017.01.24"]

1. Nf3 Nf6 2. c4 c5 3. Nc3 d5 4. cxd5 Nxd5 5. e4 Nb4 6. Bc4 Nd3+ 7. Ke2 Nf4+ 8.
Kf1 Nd3 9. Nb5 Nxc1 10. Ne5 e6 11. Qf3 f6 12. Rxc1 fxe5 13. Qh5+ Ke7 14. Qg5+
Ke8 15. Qh5+ Ke7 16. Rc3 a6 17. Qg5+ Ke8 18. Qh5+ Ke7 19. Rf3 g6 20. Qg5+ Ke8
21. Qxe5 axb5 22. Bxb5+ Bd7 23. Bxd7+ Nxd7 24. Qxh8 Qe7 25. a3 e5 26. h4 Ra6
27. h5 g5 28. Rf5 Nf6 29. Rh3 g4 30. Rd3 b5 31. f3 g3 32. f4 exf4 33. Rxf4 Nxh5
34. Rf5 Rf6 35. Rdf3 Rxf5 36. Rxf5 Ng7 37. Rf3 Ne6 38. Qe5 Qd6 39. Qh5+ Kd8 40.
Ke1 Be7 41. Qxh7 Nf4 42. Kd1 Nxg2 43. Qg8+ Kc7 44. Qe8 Nh4 45. Rf7 Ng6 46. Rg7
Qf6 47. Qxg6 Qf1+ 48. Kc2 Qc4+ 49. Kb1 Qf1+ 50. Ka2 Qc4+ 51. Ka1 Qf1+ 1/2-1/2

[Event "Gibraltar Chess Festival 2017 - Masters"]
[Site "Gibraltar ENG"]
[Date "2017.01.28"]
[Round "5.68"]
[White "Ladron De Guevara Pinto, Paolo"]
[Black "Galmandakh, Badrakh"]
[Result "1-0"]
[WhiteElo "2386"]
[BlackElo "2215"]
[PlyCount "49"]
[EventDate "2017.01.24"]
[EventType "swiss"]
[EventRounds "10"]
[EventCountry "ENG"]
[SourceTitle "Ajedrez en Madrid"]
[Source "lmi"]
[SourceDate "2017.01.24"]

1. e4 d6 2. d4 Nf6 3. Nc3 e5 4. Nf3 Nbd7 5. g4 Nxg4 6. Rg1 Ngf6 7. Bc4 h6 8.
Be3 c6 9. dxe5 dxe5 10. Qd3 b5 11. Bb3 Qc7 12. O-O-O g6 13. Kb1 Bc5 14. Nh4 Be7
15. a4 a6 16. f4 exf4 17. Bd4 g5 18. e5 Nxe5 19. Bxe5 Qxe5 20. Rge1 Qc7 21. Ng6
Be6 22. Bxe6 Rd8 23. Qxd8+ Qxd8 24. Rxd8+ Bxd8 25. Bf5+ 1-0

[Event "Gibraltar Chess Festival 2017 - Masters"]
[Site "Gibraltar ENG"]
[Date "2017.01.28"]
[Round "5.69"]
[White "Herman, Matthew J"]
[Black "Herbold, Manfred"]
[Result "1-0"]
[WhiteElo "2383"]
[BlackElo "2198"]
[PlyCount "83"]
[EventDate "2017.01.24"]
[EventType "swiss"]
[EventRounds "10"]
[EventCountry "ENG"]
[SourceTitle "Ajedrez en Madrid"]
[Source "lmi"]
[SourceDate "2017.01.24"]

1. e4 g6 2. d4 Bg7 3. Nc3 d6 4. Be3 a6 5. Qd2 Nd7 6. h4 h5 7. O-O-O c6 8. Nh3
b5 9. Ng5 Nf8 10. Bd3 Rb8 11. Ne2 Nh6 12. f3 b4 13. Bc4 d5 14. Bb3 f6 15. Nh3
e6 16. Nf2 Nf7 17. Kb1 Nd6 18. Bf4 Rb6 19. Nc1 a5 20. Ncd3 Nc4 21. Qe1 Qe7 22.
Qg1 Bh6 23. Bxh6 Rxh6 24. g4 Rh7 25. gxh5 gxh5 26. f4 Rg7 27. Qh2 Nd7 28. Rhg1
Kf8 29. Rxg7 Qxg7 30. Bxc4 dxc4 31. Nc5 Qe7 32. e5 f5 33. Qg3 Nxc5 34. dxc5 Rb7
35. Nh3 Rd7 36. Rd6 Rxd6 37. cxd6 Qa7 38. Qf2 c5 39. Qf3 Qb7 40. Qxb7 Bxb7 41.
Ng5 Bd5 42. Nh7+ 1-0

[Event "Gibraltar Chess Festival 2017 - Masters"]
[Site "Gibraltar ENG"]
[Date "2017.01.28"]
[Round "5.70"]
[White "Veltkamp, Gerben"]
[Black "Jessel, Stephen"]
[Result "1-0"]
[WhiteElo "2166"]
[BlackElo "2382"]
[PlyCount "111"]
[EventDate "2017.01.24"]
[EventType "swiss"]
[EventRounds "10"]
[EventCountry "ENG"]
[SourceTitle "Ajedrez en Madrid"]
[Source "lmi"]
[SourceDate "2017.01.24"]

1. e4 e6 2. b3 d5 3. Bb2 Nf6 4. e5 Ng8 5. f4 c5 6. Qg4 Nc6 7. Nf3 Bd7 8. Na3 a6
9. c3 Qc7 10. Bd3 O-O-O 11. O-O f5 12. Qg3 Nh6 13. Be2 Nf7 14. Nc2 g5 15. Nxg5
Nxg5 16. Qxg5 Ne7 17. Bh5 Ng6 18. d4 Be7 19. Qh6 Rdg8 20. Be2 Nh4 21. g3 Rg6
22. Qh5 Be8 23. Kf2 Rgg8 24. Qh6 Rg6 25. Qh5 Rxg3 26. Qxe8+ Rxe8 27. hxg3 Ng6
28. Rh1 Nf8 29. Rac1 Kb8 30. c4 dxc4 31. Bxc4 cxd4 32. Nxd4 Qb6 33. Kg2 Rd8 34.
Rcd1 Bc5 35. Nf3 Rxd1 36. Rxd1 Qc6 37. Bd4 b5 38. Bxc5 Qxc5 39. Be2 Qe3 40. Nd4
Nd7 41. b4 Nb6 42. Bf3 Nc4 43. Nb3 Kc8 44. Rc1 Kd8 45. Rd1+ Ke7 46. Rh1 Kf8 47.
Rxh7 Qe1 48. Nd4 Kg8 49. Rd7 Ne3+ 50. Kh3 Nf1 51. Kh4 Qxg3+ 52. Kh5 Ne3 53.
Rd8+ Kf7 54. Rd7+ Ke8 55. Bc6 Qxf4 56. Rg7+ 1-0

[Event "Gibraltar Chess Festival 2017 - Masters"]
[Site "Gibraltar ENG"]
[Date "2017.01.28"]
[Round "5.71"]
[White "Gara, Ticia"]
[Black "Tscharotschkin, Michael"]
[Result "0-1"]
[WhiteElo "2378"]
[BlackElo "2190"]
[PlyCount "88"]
[EventDate "2017.01.24"]
[EventType "swiss"]
[EventRounds "10"]
[EventCountry "ENG"]
[SourceTitle "Ajedrez en Madrid"]
[Source "lmi"]
[SourceDate "2017.01.24"]

1. Nf3 d5 2. c4 e6 3. g3 c6 4. Bg2 Nf6 5. O-O Be7 6. d4 Ne4 7. Nfd2 f5 8. Nxe4
dxe4 9. Nc3 Bf6 10. Be3 O-O 11. Qd2 b6 12. Rfd1 Bb7 13. f3 exf3 14. exf3 Na6
15. f4 Nc7 16. Bf3 Qd7 17. Qg2 Rad8 18. Rd2 Ba8 19. Rad1 g6 20. h3 b5 21. b3
Qd6 22. Rc2 bxc4 23. bxc4 Rb8 24. Qf2 Qa3 25. Ne2 Rfd8 26. Nc1 c5 27. Rd3 Qa4
28. d5 exd5 29. Bxc5 dxc4 30. Ra3 Qxa3 31. Bxa3 Bd4 32. Bxa8 Nxa8 33. Rxc4
Bxf2+ 34. Kxf2 Nb6 35. Rc7 Rd7 36. Rc6 Rc8 37. Re6 Kf7 38. Re1 Rc2+ 39. Ne2
Rxa2 40. Bc5 Rc2 41. Be3 Re7 42. Bd4 Re4 43. Be3 Ra2 44. Kf3 Ra3 0-1

[Event "Gibraltar Chess Festival 2017 - Masters"]
[Site "Gibraltar ENG"]
[Date "2017.01.28"]
[Round "5.72"]
[White "Soumya, Swaminathan"]
[Black "Mueller-Dehn, Christian"]
[Result "1-0"]
[WhiteElo "2375"]
[BlackElo "2170"]
[PlyCount "61"]
[EventDate "2017.01.24"]
[EventType "swiss"]
[EventRounds "10"]
[EventCountry "ENG"]
[SourceTitle "Ajedrez en Madrid"]
[Source "lmi"]
[SourceDate "2017.01.24"]

1. e4 Nf6 2. e5 Nd5 3. d4 d6 4. c4 Nb6 5. exd6 exd6 6. Nc3 Nc6 7. h3 Be7 8. Nf3
Bf5 9. Be3 O-O 10. d5 Ne5 11. Nxe5 dxe5 12. Qd2 Nd7 13. g4 Bg6 14. h4 h6 15. g5
h5 16. Bd3 Bc5 17. O-O-O a6 18. Kb1 Qb8 19. Ne4 Bxe4 20. Bxe4 Qa7 21. Bf5 Rfd8
22. g6 fxg6 23. Bxg6 Bxe3 24. fxe3 b5 25. Rdf1 Rf8 26. Bf5 Nf6 27. Be6+ Kh8 28.
Rf5 bxc4 29. Rg1 g6 30. Rxg6 Nh7 31. Qc3 1-0